Enciclopedia delle Scienze Filosofiche in compendio / (Record no. 78829)

MARC details
000 -LEADER
campo de control de longitud fija 00705nam a2200205 i 4500
001 - NÚMERO DE CONTROL
campo de control 78829
003 - IDENTIFICADOR DE NÚMERO DE CONTROL
campo de control ES-MaACL
005 - FECHA Y HORA DE LA ÚLTIMA TRANSACCIÓN
campo de control 20250801131935.0
007 - CAMPO FIJO DE DESCRIPCIÓN FÍSICA--INFORMACIÓN GENERAL
campo de control de longitud fija t|
008 - DATOS DE LONGITUD FIJA--INFORMACIÓN GENERAL
campo de control de longitud fija 041018s1907 it ||||1| ita d
100 1# - ENTRADA PRINCIPAL--NOMBRE DE PERSONA
Nombre de persona Hegel, Georg Wilhelm Friedrich.
9 (RLIN) 62316
245 10 - MENCIÓN DEL TÍTULO
Título Enciclopedia delle Scienze Filosofiche in compendio /
Mención de responsabilidad, etc. Giorgio Gugliemo Federico Hegel ; tradotta de Benedetto Croce.
260 ## - PUBLICACIÓN, DISTRIBUCIÓN, ETC.
Lugar de publicación, distribución, etc. Bari :
Nombre del editor, distribuidor, etc. Gius Laterza,
Fecha de publicación, distribución, etc. 1907.
300 ## - DESCRIPCIÓN FÍSICA
Extensión XXVI, 523 p. ;
Dimensiones 21 cm.
490 1# - MENCIÓN DE SERIE
Mención de serie Classici della filosofia moderna ;
Designación de volumen o secuencia 1
700 1# - ENTRADA AGREGADA--NOMBRE PERSONAL
Nombre de persona Croce, Benedetto,
Fechas asociadas al nombre 1866-1952
9 (RLIN) 241508
830 0# - PUNTO DE ACCESO ADICIONAL DE SERIE-TÍTULO UNIFORME
Título uniforme Classici della filosofia moderna ;
Designación de volumen o secuencia 1
9 (RLIN) 183610
852 ## - LOCALIZACIÓN
Ubicación ES-MaACL
Número de control de estantería F-12514
Holdings
Estatus retirado Estado de pérdida Estado de daño No para préstamo Colección Biblioteca de origen Biblioteca actual Ubicación en estantería Fecha de adquisición Fuente de adquisición Total de préstamos Signatura topográfica completa Código de barras Visto por última vez Precio de reemplazo Tipo de ítem Koha
        Colección de referencia Biblioteca del Ateneo de Madrid Biblioteca del Ateneo de Madrid Sala Pecera Planta 2 17/01/2008     F-12514 1082442 23/02/2023 23/02/2023 Libro impreso